000 02392nam a22002777a 4500
999 _c61790
_d61790
003 Ge_BSU
005 20240513120354.0
008 240513s2022 ge ||||| |||| 00| 0 geo d
020 _a9789941350436 (ტომი 1) 9789941350429 (ყველა ტომისთვის)
041 _ageo
080 _a903(479.22)ლ-85
100 _aლორთქიფანიძე, ოთარ
_91433
245 _aსაქართველოს ისტორიის პალიტრა : 15 ტომეული. ტომი 1,
_bძველი ქართული ცივილიზაციის სათავეებთან /
_c ოთარ ლორთქიფანიძე ; პროექტის ხელმძღვანელი ჯაბა სამუშია ; რედაქტორები: დარეჯან კაჭარავა, გურამ კვირკველია ; სარედაქციო ჯგუფი: გელა გურგენიძე, ნესტან მაღალაშვილი, თამარ ჯანთიშვილი [და სხვა].
264 _aთბილისი :
_b პალიტრა L,
_c2022.
300 _a552 გვ. ;
_b23 სმ.
500 _aმომზადებულია თბილისის სახელმწ. უნივერსიტეტის გამომცემლობის 2002 წლის გამოცემის მიხედვით.
504 _aბიბლიოგრაფია: გვ. 507-552.
653 _aსაქართველოს არქეოლოგია.
700 _aსამუშია, ჯაბა
_eპროექტის ხელმძღვანელი
_922062
700 _aკაჭარავა, დარეჯან
_eრედაქტორი
_918309
700 _a კვირკველია, გურამ
_eრედაქტორი
_922063
700 _aგურგენიძე, გელა
_eსარედაქციო ჯგუფი
_922056
700 _a მაღალაშვილი, ნესტან
_eსარედაქციო ჯგუფი
_922064
700 _a ჯანთიშვილი, თამარ
_eსარედაქციო ჯგუფი
_922065
942 _2udc
_cᲬᲘᲒᲜᲘ